[Event "Oberliga NRW"]
[Site "Würselen"]
[Date "2014.10.05"]
[Round "2"]
[White "Hamblok, Roel"]
[Black "Liard, Thibaud"]
[Result "1-0"]
[WhiteElo "2243"]
[BlackElo "2203"]
[PlyCount "95"]
[WhiteTeam "SV Würselen"]
[BlackTeam "SG Porz 2"]

1. d4 d5 2. Bf4 Nf6 3. e3 c5 4. c3 Nc6 5. Nd2 Qb6 6. Qb3 c4 7. Qc2 e6 8. b3
cxb3 9. axb3 Be7 10. Ngf3 O-O 11. Bd3 Bd7 12. Ne5 Rfd8 13. O-O Rac8 14. Qb1 g6
15. c4 Nh5 16. Nxc6 Bxc6 17. Be5 a6 18. h3 Rf8 19. c5 Qd8 20. b4 Qd7 21. Nf3
Nf6 22. Bf4 Ne4 23. Ne5 Qe8 24. Bxe4 dxe4 25. Bh6 Bd5 26. Rc1 f6 27. Bxf8 Bxf8
28. Nc4 Rc7 29. b5 axb5 30. Nb6 Bc6 31. Ra8 Qf7 32. Qb3 Kg7 33. Rca1 f5 34. Rc8
Rxc8 35. Nxc8 g5 36. Na7 Bd5 37. Qxb5 f4 38. Nc8 Kf6 39. Nd6 Qh5 40. Qe8 Qxe8
41. Nxe8+ Ke7 42. Nd6 Kd7 43. Nf7 h6 44. Ra8 Bg7 45. Rg8 Bf6 46. Rg6 Ke7 47.
Nxh6 e5 48. Ng4 1-0

[Event "SV Dinslaken 1 - Klub Kölner SF 1"]
[Site "Oberliga NRW 2014/2015"]
[Date "2014.10.05"]
[Round "2.1"]
[White "Tugui, Adrian"]
[Black "Sielecki, Christof"]
[Result "1/2-1/2"]
[WhiteElo "2356"]
[BlackElo "2444"]
[PlyCount "40"]
[EventDate "2014.??.??"]
[WhiteTeam "Klub Kölner SF 1"]
[BlackTeam "SV Dinslaken 1"]

1. d4 Nf6 2. Bg5 Ne4 3. Bf4 d5 4. Nd2 Bf5 5. e3 e6 6. Nxe4 Bxe4 7. Nf3 Bd6 8.
Bg3 c5 9. dxc5 Bxg3 10. hxg3 Qa5+ 11. Nd2 Nc6 12. c3 Qxc5 13. Nxe4 dxe4 14. Qa4
f5 15. Bb5 O-O-O 16. Bxc6 bxc6 17. Rd1 Rxd1+ 18. Kxd1 Rd8+ 19. Kc1 h6 20. Rd1
Rxd1+ 1/2-1/2

[Event "SV Dinslaken 1 - Klub Kölner SF 1"]
[Site "Oberliga NRW 2014/2015"]
[Date "2014.10.05"]
[Round "2.2"]
[White "Trella, Thomas"]
[Black "Morawietz, Dieter"]
[Result "1/2-1/2"]
[WhiteElo "2378"]
[BlackElo "2351"]
[Annotator "Hausrath,Daniel"]
[PlyCount "106"]
[EventDate "2014.??.??"]
[WhiteTeam "SV Dinslaken 1"]
[BlackTeam "Klub Kölner SF 1"]

1. Nf3 Nf6 2. c4 g6 3. g3 Bg7 4. Bg2 d5 5. cxd5 Nxd5 6. Nc3 Nb6 7. O-O Nc6 8.
d3 O-O 9. Be3 Re8 10. Rc1 e5 11. Ne4 Nd5 12. Bg5 f6 13. Bd2 Rb8 14. a3 Kh8 15.
b4 Nd4 16. Nxd4 exd4 17. Re1 Be6 18. Nc5 Bg8 19. Qa4 c6 20. Qc2 f5 21. e4 dxe3
22. fxe3 Nf6 23. Bc3 Qe7 24. Qb2 Ng4 25. Bxg7+ Qxg7 26. Qxg7+ Kxg7 27. e4 $11
fxe4 28. Rxe4 Rxe4 29. Bxe4 Nf6 30. Bf3 b6 31. Ne4 Bd5 32. Nxf6 Bxf3 33. Kf2
Rf8 34. Kxf3 Rxf6+ 35. Ke3 Re6+ 36. Kf3 Kf6 37. Rc4 Ke5 38. Ke3 Kd5+ 39. Kd2 g5
40. h4 Rg6 41. hxg5 Rxg5 42. g4 Rg6 43. Rf4 h6 44. Re4 c5 45. b5 Rg7 46. Kc3 a6
47. bxa6 Ra7 48. Ra4 Kc6 49. Kb3 b5 50. Rf4 Rxa6 51. Rf6+ Kb7 52. Rxa6 Kxa6 53.
a4 Ka5 1/2-1/2

[Event "SV Dinslaken 1 - Klub Kölner SF 1"]
[Site "Oberliga NRW 2014/2015"]
[Date "2014.10.05"]
[Round "2.3"]
[White "Helbig, Mark"]
[Black "Kern, Guido"]
[Result "1/2-1/2"]
[WhiteElo "2263"]
[BlackElo "2289"]
[PlyCount "81"]
[EventDate "2014.??.??"]
[WhiteTeam "Klub Kölner SF 1"]
[BlackTeam "SV Dinslaken 1"]

1. d4 e6 2. Nf3 f5 3. g3 Nf6 4. Bg2 d5 5. c4 c6 6. O-O Bd6 7. b3 Qe7 8. Ne5
Nbd7 9. f4 O-O 10. Qc2 Ne4 11. Nd2 a5 12. Nxe4 fxe4 13. Be3 Nf6 14. c5 Bc7 15.
a3 Bd7 16. h3 Be8 17. b4 Nd7 18. Kh2 Nxe5 19. fxe5 Rxf1 20. Rxf1 axb4 21. axb4
Bg6 22. Qb2 Qd7 23. Rb1 h6 24. Kg1 Ra6 25. Ra1 Rxa1+ 26. Qxa1 Qc8 27. Qa4 Bd8
28. Bf1 Be8 29. h4 Bh5 30. b5 cxb5 31. Qxb5 Qc6 32. Qxc6 bxc6 33. Bd2 Kf8 34.
Kf2 Bg4 35. Bc3 Ke8 36. e3 g5 37. hxg5 Bxg5 38. Bd2 Bd8 39. Ba6 Kd7 40. Bb7 h5
41. Ba6 1/2-1/2

[Event "SV Dinslaken 1 - Klub Kölner SF 1"]
[Site "Oberliga NRW 2014/2015"]
[Date "2014.10.05"]
[Round "2.4"]
[White "Mundorf, Johannes"]
[Black "Wacker, Peter"]
[Result "1/2-1/2"]
[WhiteElo "2248"]
[BlackElo "2295"]
[PlyCount "123"]
[EventDate "2014.??.??"]
[WhiteTeam "SV Dinslaken 1"]
[BlackTeam "Klub Kölner SF 1"]

1. Nf3 Nf6 2. g3 b5 3. Bg2 Bb7 4. Na3 a6 5. c4 e5 6. O-O e4 7. Nh4 d5 8. cxd5
Qxd5 9. Nc2 Bc5 10. b4 Bb6 11. Bb2 Nbd7 12. d3 Qe6 13. dxe4 Bxe4 14. Nd4 Bxd4
15. Qxd4 Bxg2 16. Nxg2 O-O 17. Nf4 Qe4 18. Rac1 Qxd4 19. Bxd4 Rfc8 20. Rfd1 a5
21. bxa5 Kf8 22. Bc3 Ke8 23. f3 c5 24. a3 g5 25. Ng2 Ke7 26. Kf2 Ke6 27. e4 Ne5
28. Ne3 g4 29. Nf5 Ne8 30. Bxe5 Kxe5 31. Ne7 Rc7 32. Nd5 Rc6 33. Nb4 Rc7 34.
Nd3+ Kf6 35. Nxc5 Rxa5 36. Rc3 gxf3 37. Kxf3 Ke7 38. Rdc1 Nd6 39. Kf4 f6 40. h4
Rca7 41. Nb3 Rxa3 42. Nd4 Rxc3 43. Rxc3 Kd7 44. Rc5 Rb7 45. Rh5 Ke8 46. Rd5 Rb6
47. Nb3 Kf7 48. Nc5 Rc6 49. Nb7 Nxb7 50. Rd7+ Kg8 51. Rxb7 Rc5 52. g4 h6 53.
Rd7 Rc6 54. Kf5 Rb6 55. g5 hxg5 56. hxg5 fxg5 57. e5 Rb8 58. e6 b4 59. Kf6 b3
60. Rg7+ Kh8 61. Rxg5 b2 62. Rh5+ 1/2-1/2

[Event "SV Dinslaken 1 - Klub Kölner SF 1"]
[Site "Oberliga NRW 2014/2015"]
[Date "2014.10.05"]
[Round "2.5"]
[White "Ludwig, Peter"]
[Black "Stillger, Bernhard"]
[Result "0-1"]
[WhiteElo "2161"]
[BlackElo "2193"]
[PlyCount "174"]
[EventDate "2014.??.??"]
[WhiteTeam "Klub Kölner SF 1"]
[BlackTeam "SV Dinslaken 1"]

1. Nf3 c5 2. c4 Nc6 3. Nc3 g6 4. g3 Bg7 5. Bg2 d6 6. O-O e6 7. d3 Nge7 8. Bg5
h6 9. Bd2 b6 10. a3 Bb7 11. Rb1 Qd7 12. b4 O-O 13. Qc1 g5 14. h4 f6 15. Bh3 Ng6
16. hxg5 fxg5 17. Nh2 Nd4 18. f4 gxf4 19. gxf4 Nh4 20. Qe1 Nhf5 21. e4 Nc2 22.
Qc1 Bd4+ 23. Kh1 Ng3+ 24. Kg2 Nxf1 25. Nxf1 Bxc3 26. Bxc3 Nd4 27. Ng3 Qf7 28.
Bxd4 cxd4 29. f5 exf5 30. Nxf5 Qh5 31. Qf4 Qg5+ 32. Qxg5+ hxg5 33. Nxd6 Bc6 34.
b5 Be8 35. Be6+ Kg7 36. Bd5 Rd8 37. Nf5+ Kf6 38. Nxd4 Bd7 39. Rh1 Rh8 40. Rf1+
Ke5 41. Nf3+ Kf4 42. Ng1+ Ke3 43. Rf3+ Kd2 44. d4 g4 45. Rf7 Ke3 46. e5 Kxd4
47. e6 Bxb5 48. Rf4+ Kc5 49. Kg3 Bc6 50. Bxc6 Kxc6 51. Ne2 Kc5 52. Re4 Rd3+ 53.
Kxg4 Rxa3 54. Nf4 Rc3 55. e7 Re8 56. Kf5 Rxc4 57. Re5+ Kd6 58. Re6+ Kd7 59. Ng6
Rc1 60. Nf8+ Kc8 61. Kf6 Rf1+ 62. Kg7 Kc7 63. Re2 Kd6 64. Ng6 a5 65. Rd2+ Kc7
66. Rc2+ Kb7 67. Rd2 Kc7 68. Rc2+ Kd6 69. Rd2+ Kc5 70. Rd8 Rxe7+ 71. Nxe7 a4
72. Rc8+ Kb5 73. Nd5 a3 74. Ra8 Rf3 75. Kg6 Kc5 76. Nxb6 Kxb6 77. Kg5 Kb5 78.
Kg4 Rd3 79. Kf4 Kb4 80. Ke4 Rh3 81. Kd4 Kb3 82. Rb8+ Kc2 83. Rc8+ Kb2 84. Rg8
a2 85. Rg2+ Kb3 86. Rg1 Rh4+ 87. Kc5 Ra4 0-1

[Event "SV Dinslaken 1 - Klub Kölner SF 1"]
[Site "Oberliga NRW 2014/2015"]
[Date "2014.10.05"]
[Round "2.6"]
[White "Walter, Andreas"]
[Black "Bonnmann, Reinhard"]
[Result "0-1"]
[WhiteElo "2087"]
[BlackElo "2183"]
[PlyCount "68"]
[EventDate "2014.??.??"]
[WhiteTeam "SV Dinslaken 1"]
[BlackTeam "Klub Kölner SF 1"]

1. d4 Nf6 2. c4 g6 3. Nc3 Bg7 4. e4 O-O 5. f3 c6 6. Be3 d5 7. e5 Ne8 8. cxd5
Nc7 9. dxc6 Nxc6 10. Bc4 b5 11. Bb3 b4 12. Ne4 Nd5 13. Bxd5 Qxd5 14. Qb3 Qb5
15. a4 Qb6 16. Nc5 Na5 17. Qd3 Bf5 18. Qe2 b3 19. g4 Bc2 20. Nd7 Qb4+ 21. Qd2
Qxd2+ 22. Bxd2 Nc4 23. Bc3 Rfd8 24. Nc5 Rac8 25. Ne4 Ne3 26. Ke2 Nxg4 27. fxg4
Bxe4 28. Nf3 f6 29. Rhd1 fxe5 30. dxe5 Rf8 31. Nd2 Bc2 32. Rf1 Rfd8 33. Rf3 Rd5
34. Re3 Bh6 0-1

[Event "SV Dinslaken 1 - Klub Kölner SF 1"]
[Site "Oberliga NRW 2014/2015"]
[Date "2014.10.05"]
[Round "2.7"]
[White "Wisskirchen, Andreas"]
[Black "Cebulla, Konstantin"]
[Result "1/2-1/2"]
[WhiteElo "2179"]
[BlackElo "2054"]
[PlyCount "93"]
[EventDate "2014.??.??"]
[WhiteTeam "Klub Kölner SF 1"]
[BlackTeam "SV Dinslaken 1"]

1. Nf3 d5 2. d4 Nf6 3. c4 e6 4. Nc3 Be7 5. Bg5 Nbd7 6. e3 O-O 7. Rc1 a6 8. cxd5
exd5 9. Bd3 Re8 10. O-O c6 11. Qc2 g6 12. Na4 Nh5 13. Bxe7 Rxe7 14. b4 Ng7 15.
Nc5 Nb6 16. a4 Bf5 17. Ne5 f6 18. Nf3 Bxd3 19. Qxd3 Nf5 20. Nd2 Nd6 21. a5 Nbc4
22. Nxc4 Nxc4 23. e4 b6 24. axb6 Qxb6 25. exd5 cxd5 26. Qf3 Rd8 27. Qc3 Rb8 28.
Ra1 Qxb4 29. Qf3 Nd2 30. Qxd5+ Kh8 31. Nxa6 Qb7 32. Qd6 Rbe8 33. Qxf6+ Kg8 34.
Rfd1 Qb2 35. h4 Ne4 36. Qf3 Rf7 37. Rab1 Qa2 38. Nb4 Rxf3 39. Nxa2 Rxf2 40. Nc3
Rc2 41. Nxe4 Rxe4 42. Re1 Rg4 43. Re7 Rcxg2+ 44. Kh1 Rf2 45. Rb8+ Rf8 46. Rxf8+
Kxf8 47. Rxh7 1/2-1/2

[Event "SV Dinslaken 1 - Klub Kölner SF 1"]
[Site "Oberliga NRW 2014/2015"]
[Date "2014.10.05"]
[Round "2.8"]
[White "Graeber, Ralf"]
[Black "Meertens, Martin"]
[Result "1/2-1/2"]
[WhiteElo "2099"]
[BlackElo "2111"]
[PlyCount "32"]
[EventDate "2014.??.??"]
[WhiteTeam "SV Dinslaken 1"]
[BlackTeam "Klub Kölner SF 1"]

1. Nf3 Nf6 2. g3 e6 3. Bg2 d5 4. O-O Be7 5. d3 O-O 6. Nbd2 c5 7. e4 Nc6 8. Re1
Qc7 9. Qe2 dxe4 10. dxe4 e5 11. c3 Rd8 12. Nf1 b6 13. Bg5 Be6 14. Bxf6 Bxf6 15.
Ne3 Rd7 16. Nd2 Ne7 1/2-1/2

[Event "Düsseldorfer SK 1 - SV Dinslaken 1"]
[Site "Oberliga NRW 2014/2015"]
[Date "2014.11.16"]
[Round "3.1"]
[White "Sielecki, Christof"]
[Black "Stark, Lars"]
[Result "1/2-1/2"]
[WhiteElo "2452"]
[BlackElo "2417"]
[Annotator "Hausrath,Daniel"]
[PlyCount "43"]
[EventDate "2014.??.??"]
[WhiteTeam "SV Dinslaken 1"]
[BlackTeam "Düsseldorfer SK 1"]

1. Nf3 Nf6 2. c4 e6 3. Nc3 Bb4 4. Qc2 O-O 5. d4 d6 6. Bg5 Nbd7 7. e3 c5 8. Bd3
h6 9. Bh4 cxd4 10. exd4 b6 11. O-O Bxc3 12. Qxc3 Bb7 $11 13. Nd2 Rc8 14. Qa3
Qc7 15. Rfe1 Rfe8 16. Nf1 d5 17. cxd5 Nxd5 18. Bg3 Qc6 19. Rac1 Qxc1 20. Rxc1
Rxc1 21. Qxa7 Bc6 22. Qa3 1/2-1/2

[Event "Düsseldorfer SK 1 - SV Dinslaken 1"]
[Site "Oberliga NRW 2014/2015"]
[Date "2014.11.16"]
[Round "3.2"]
[White "Schuh, Dirk"]
[Black "Trella, Thomas"]
[Result "1/2-1/2"]
[WhiteElo "2332"]
[BlackElo "2378"]
[Annotator "Hausrath,Daniel"]
[PlyCount "77"]
[EventDate "2014.??.??"]
[WhiteTeam "Düsseldorfer SK 1"]
[BlackTeam "SV Dinslaken 1"]

1. e4 e6 2. d4 d5 3. Nc3 Nc6 4. Nf3 Nf6 5. Bd3 Nb4 6. Bg5 Be7 7. e5 Nd7 8. Bxe7
Qxe7 9. O-O O-O 10. Re1 Nxd3 11. cxd3 b6 12. Rc1 Ba6 13. Ne2 c5 14. Nf4 Rfc8
15. Qa4 Bb7 16. Rc3 a5 17. Rec1 cxd4 18. Qxd4 Rxc3 19. Rxc3 Rc8 $11 20. Rxc8+
Bxc8 21. Nh5 Qc5 22. Qf4 Qc2 23. h4 h6 24. Qg4 Qc1+ 25. Kh2 g6 26. Nf6+ Kg7 27.
Nxd7 Bxd7 28. Qd4 Qc5 29. Qf4 Qe7 30. Kg3 Bb5 31. Qd4 Qc7 32. a3 a4 33. Qe3 Qc2
34. Qxb6 Bxd3 35. Qd8 Be2 36. Qf6+ Kg8 37. Qd8+ Kg7 38. Qf6+ Kg8 39. Qd8+
1/2-1/2

[Event "Düsseldorfer SK 1 - SV Dinslaken 1"]
[Site "Oberliga NRW 2014/2015"]
[Date "2014.11.16"]
[Round "3.3"]
[White "Kern, Guido"]
[Black "de Gleria, Francesco"]
[Result "0-1"]
[WhiteElo "2295"]
[BlackElo "2347"]
[PlyCount "150"]
[EventDate "2014.??.??"]
[WhiteTeam "SV Dinslaken 1"]
[BlackTeam "Düsseldorfer SK 1"]

1. Nf3 Nf6 2. c4 g6 3. Nc3 Bg7 4. e4 d6 5. d4 O-O 6. h3 c5 7. d5 e6 8. Bd3 exd5
9. exd5 Re8+ 10. Be3 Bh6 11. O-O Bxe3 12. fxe3 Qe7 13. e4 Nbd7 14. Qd2 Ne5 15.
Nxe5 Qxe5 16. Qf2 Kg7 17. Nb5 Re7 18. Qf4 Ne8 19. Qxe5+ Rxe5 20. Rf2 Bd7 21.
Nc3 Rb8 22. a3 b6 23. b4 Rb7 24. Raf1 Bc8 25. Bc2 Rbe7 26. Ba4 Bd7 27. Bxd7
Rxd7 28. b5 Rde7 29. a4 Nc7 30. g4 h5 31. Kg2 h4 32. Rf4 Ne8 33. R1f2 Nc7 34.
Kf1 Ne8 35. Ke2 Kg8 36. Kd3 Ng7 37. Rg2 Rg5 38. Rgf2 Rge5 39. a5 bxa5 40. Ra2
Rg5 41. Rxa5 f5 42. Ra6 fxg4 43. hxg4 Ne8 44. Ke3 Rge5 45. Kf2 Kg7 46. Kg2 Kh6
47. Kf3 Kg5 48. Rf8 Rh7 49. Nd1 h3 50. Nf2 h2 51. Ra1 Nf6 52. Rh1 Nxg4 53. Nxg4
Rh3+ 54. Kg2 Kxg4 55. Rxh2 Rxh2+ 56. Kxh2 Rxe4 57. Rf6 g5 58. Rxd6 Rxc4 59. Ra6
Rc2+ 60. Kg1 c4 61. Rxa7 c3 62. Rc7 Kf3 63. b6 g4 64. Rf7+ Kg3 65. Rf1 Rg2+ 66.
Kh1 Rh2+ 67. Kg1 Rb2 68. d6 Rxb6 69. d7 Rd6 70. Re1 Kh3 71. Kf1 Rxd7 72. Re3+
g3 73. Rxc3 Kh2 74. Rc8 g2+ 75. Ke2 Rh7 0-1

[Event "Düsseldorfer SK 1 - SV Dinslaken 1"]
[Site "Oberliga NRW 2014/2015"]
[Date "2014.11.16"]
[Round "3.4"]
[White "Plukkel, Sjoerd"]
[Black "Mundorf, Johannes"]
[Result "0-1"]
[WhiteElo "2298"]
[BlackElo "2248"]
[PlyCount "82"]
[EventDate "2014.??.??"]
[WhiteTeam "Düsseldorfer SK 1"]
[BlackTeam "SV Dinslaken 1"]

1. e4 e6 2. d4 d5 3. e5 c5 4. c3 Nc6 5. Nf3 Bd7 6. a3 Nge7 7. b4 cxd4 8. cxd4
b5 9. Nc3 Qb6 10. Be3 Nf5 11. Bxb5 a5 12. Qa4 Ra7 13. Bxc6 Bxc6 14. b5 Bd7 15.
O-O Be7 16. Rfc1 O-O 17. Rab1 Rc8 18. Qb3 Nxe3 19. fxe3 a4 20. Nxa4 Rxc1+ 21.
Rxc1 Qxb5 22. Rc8+ Bf8 23. Qxb5 Bxb5 24. Nc5 Rxa3 25. Rb8 Bc6 26. Rc8 Bb5 27.
Ng5 h6 28. Nh7 Kxh7 29. Rxf8 Rxe3 30. Kf2 Re2+ 31. Kf3 Kg6 32. Rb8 Bc4 33. Nd7
Re4 34. g4 Be2+ 35. Kf2 Bxg4 36. Rb7 Kg5 37. Nf8 Rxd4 38. Nh7+ Kf5 39. Ke3 Re4+
40. Kd3 Bh5 41. Rb2 Kxe5 0-1

[Event "Düsseldorfer SK 1 - SV Dinslaken 1"]
[Site "Oberliga NRW 2014/2015"]
[Date "2014.11.16"]
[Round "3.5"]
[White "Stillger, Bernhard"]
[Black "van Assendelft, Floris"]
[Result "1-0"]
[WhiteElo "2193"]
[BlackElo "2324"]
[Annotator "Hausrath,Daniel"]
[PlyCount "63"]
[EventDate "2014.??.??"]
[WhiteTeam "SV Dinslaken 1"]
[BlackTeam "Düsseldorfer SK 1"]

1. d4 Nf6 2. c4 g6 3. Nc3 Bg7 4. e4 O-O 5. Nf3 d6 6. Be2 e5 7. dxe5 dxe5 8.
Qxd8 Rxd8 9. Bg5 Re8 10. Nd5 Nxd5 11. cxd5 c6 12. Bc4 cxd5 13. Bxd5 Nd7 14.
O-O-O Nc5 15. Be3 Bf8 16. Kb1 Bg4 17. Rc1 Bxf3 18. gxf3 Rac8 $11 19. Rc3 b6 20.
Rhc1 a5 21. a3 a4 22. Rc4 Rc7 23. Rxa4 Bd6 24. Rac4 Ra7 25. b4 Ne6 26. Rc8 Kf8
27. Bxe6 fxe6 28. Kb2 Rb7 29. R8c6 Ke7 30. Rxb6 Rc7 31. Rd1 Rd7 32. Rbxd6 1-0

[Event "Düsseldorfer SK 1 - SV Dinslaken 1"]
[Site "Oberliga NRW 2014/2015"]
[Date "2014.11.16"]
[Round "3.6"]
[White "Lauzeningks, Jan"]
[Black "Ossig, Rainer"]
[Result "1-0"]
[WhiteElo "2264"]
[BlackElo "2125"]
[PlyCount "57"]
[EventDate "2014.??.??"]
[WhiteTeam "Düsseldorfer SK 1"]
[BlackTeam "SV Dinslaken 1"]

1. e4 e6 2. d4 d5 3. Nd2 Nc6 4. Ngf3 Nf6 5. e5 Nd7 6. Nb3 a5 7. a4 Be7 8. Bb5
Na7 9. Be2 b6 10. O-O O-O 11. c3 Nb8 12. Be3 Ba6 13. Bxa6 Nxa6 14. Qe2 Nc6 15.
Ne1 Qd7 16. Nd3 Rfc8 17. Nf4 Ncb8 18. Nh5 Kh8 19. Qg4 Rg8 20. Rfe1 c5 21. Bf4
Nc6 22. Re3 cxd4 23. cxd4 Nc7 24. Rh3 f5 25. Nf6 gxf6 26. Rxh7+ Kxh7 27. Qh5+
Kg7 28. Bh6+ Kh7 29. Bf8# 1-0

[Event "Düsseldorfer SK 1 - SV Dinslaken 1"]
[Site "Oberliga NRW 2014/2015"]
[Date "2014.11.16"]
[Round "3.7"]
[White "Walter, Andreas"]
[Black "Duijker, Rick"]
[Result "1/2-1/2"]
[WhiteElo "2087"]
[BlackElo "2252"]
[PlyCount "65"]
[EventDate "2014.??.??"]
[WhiteTeam "SV Dinslaken 1"]
[BlackTeam "Düsseldorfer SK 1"]

1. d4 Nf6 2. c4 c5 3. d5 b5 4. cxb5 a6 5. f3 axb5 6. e4 Qa5+ 7. Bd2 b4 8. Na3
d6 9. Nc4 Qa7 10. Ne3 g6 11. Bb5+ Nbd7 12. Nh3 Bg7 13. Nf2 O-O 14. O-O Ba6 15.
Bxa6 Qxa6 16. a4 bxa3 17. Rxa3 Qb5 18. Qb3 Qxb3 19. Rxb3 Rfb8 20. Rxb8+ Rxb8
21. Rb1 Rb3 22. Nc4 Nb6 23. Nxb6 Rxb6 24. b4 Nd7 25. Kf1 Bd4 26. Ke2 Bxf2 27.
Kxf2 Ne5 28. Ke2 f5 29. Bc3 cxb4 30. Rxb4 Rxb4 31. Bxb4 Kf7 32. Bc3 Nd7 33. Bd4
1/2-1/2

[Event "Düsseldorfer SK 1 - SV Dinslaken 1"]
[Site "Oberliga NRW 2014/2015"]
[Date "2014.11.16"]
[Round "3.8"]
[White "Partenheimer, Axel"]
[Black "Cebulla, Konstantin"]
[Result "1/2-1/2"]
[WhiteElo "2069"]
[BlackElo "2054"]
[PlyCount "146"]
[EventDate "2014.??.??"]
[WhiteTeam "Düsseldorfer SK 1"]
[BlackTeam "SV Dinslaken 1"]

1. Nf3 d5 2. d4 Nf6 3. c4 e6 4. Nc3 Be7 5. Bf4 O-O 6. e3 Nbd7 7. c5 Nh5 8. Bd3
Nxf4 9. exf4 b6 10. b4 a5 11. a3 c6 12. O-O Qc7 13. g3 Ba6 14. Bxa6 Rxa6 15.
Qe2 Rfa8 16. b5 cxb5 17. Nxd5 exd5 18. Qxe7 bxc5 19. Ne5 R6a7 20. Qxf7+ Kh8 21.
Qxd5 Nxe5 22. fxe5 cxd4 23. Qxd4 Rd8 24. Qe3 Rb7 25. Rfd1 b4 26. Rxd8+ Qxd8 27.
axb4 axb4 28. Qe4 Rb8 29. e6 b3 30. e7 Qe8 31. Rb1 b2 32. Qe5 h6 33. h4 Rb7 34.
Rxb2 Rxb2 35. Qxb2 Qxe7 36. Qb8+ Kh7 37. Qf4 Kg8 38. Qf5 Kh8 39. Qd3 Kg8 40.
Kg2 Kh8 41. Qe3 Qf6 42. Qe8+ Kh7 43. Qe4+ Kh8 44. h5 Qg5 45. g4 Qh4 46. Qf4 Kg8
47. Qg3 Qf6 48. Qb8+ Kh7 49. Qb7 Qh4 50. Qe4+ Kh8 51. Qe8+ Kh7 52. Qe2 Kh8 53.
f3 Kg8 54. Qf2 Qg5 55. Kg3 Qe7 56. Qa2+ Kh7 57. Qc2+ Kh8 58. Qe4 Qc5 59. Kg2
Qg5 60. Qe6 Qc5 61. Qe8+ Kh7 62. Qe4+ Kh8 63. f4 Qb5 64. Qe5 Qd7 65. Qe2 Qd5+
66. Kg3 Kg8 67. Qe8+ Kh7 68. Qe3 Qh1 69. f5 Qd5 70. Qf4 Qd8 71. Qe4 Kh8 72. Qe3
Kh7 73. Qe6 Kh8 1/2-1/2

[Event "Klub Kölner SF 1 - SV Würselen 1"]
[Site "Oberliga NRW 2014/2015"]
[Date "2014.11.16"]
[Round "3.1"]
[White "Beukema, Stefan"]
[Black "Seul, Georg"]
[Result "1/2-1/2"]
[WhiteElo "2285"]
[BlackElo "2349"]
[PlyCount "34"]
[EventDate "2014.??.??"]
[WhiteTeam "SV Würselen 1"]
[BlackTeam "Klub Kölner SF 1"]

1. e4 d6 2. d4 g6 3. f4 Bg7 4. Nf3 c5 5. d5 Nf6 6. Nc3 O-O 7. Be2 b5 8. e5 dxe5
9. fxe5 Ng4 10. Bf4 Nd7 11. Bxb5 Ndxe5 12. h3 Nxf3+ 13. Qxf3 Ne5 14. Qe3 a6 15.
Bxe5 Bxe5 16. Qxe5 axb5 17. O-O Bf5 1/2-1/2

[Event "Klub Kölner SF 1 - SV Würselen 1"]
[Site "Oberliga NRW 2014/2015"]
[Date "2014.11.16"]
[Round "3.2"]
[White "Morawietz, Dieter"]
[Black "Goossens, Etienne"]
[Result "1-0"]
[WhiteElo "2388"]
[BlackElo "2177"]
[PlyCount "145"]
[EventDate "2014.??.??"]
[WhiteTeam "Klub Kölner SF 1"]
[BlackTeam "SV Würselen 1"]

1. e4 e5 2. Nf3 Nc6 3. Bb5 Nf6 4. d3 d6 5. Nbd2 g6 6. c3 Bg7 7. O-O O-O 8. Re1
Nd7 9. Nf1 a6 10. Ba4 Nc5 11. Bc2 Ne6 12. Ne3 Kh8 13. a4 Nf4 14. d4 exd4 15.
cxd4 Nb4 16. Bb1 c5 17. Nc4 Ne6 18. d5 Nd4 19. Nxd4 Bxd4 20. Bf4 Qf6 21. Qd2
Bd7 22. Ra3 b5 23. axb5 axb5 24. Nb6 Rad8 25. Bg5 Qe5 26. Bxd8 Rxd8 27. Nxd7
Rxd7 28. Qh6 Rd8 29. Rh3 Qg7 30. Qxg7+ Kxg7 31. Re2 Re8 32. Kf1 f5 33. Rb3 f4
34. Rd2 Be5 35. g3 Kf6 36. Ke2 g5 37. Kf3 h5 38. h3 Rg8 39. gxf4 Bxf4 40. Rd1
Be5 41. Ke2 Rd8 42. Rf3+ Ke7 43. Ra3 Rh8 44. Ra7+ Kf6 45. Rb7 Bxb2 46. Rxb5 Ra8
47. Rb6 Be5 48. Bd3 Ra3 49. Rb7 Rb3 50. f3 Rb2+ 51. Rd2 Nxd3 52. Rdxb2 Nxb2 53.
Rh7 Bf4 54. h4 Kg6 55. Rb7 Be5 56. Rb8 c4 57. Rg8+ Kf7 58. Rxg5 c3 59. Rxh5 Nc4
60. Kd3 Na3 61. Rxe5 dxe5 62. Kxc3 Nb5+ 63. Kc4 Nd6+ 64. Kc5 Ke7 65. Kc6 Ne8
66. h5 Kd8 67. h6 Nf6 68. Kd6 Ke8 69. Kxe5 Ke7 70. d6+ Kf7 71. Kf5 Nd7 72. e5
Nf8 73. f4 1-0

[Event "Klub Kölner SF 1 - SV Würselen 1"]
[Site "Oberliga NRW 2014/2015"]
[Date "2014.11.16"]
[Round "3.3"]
[White "Weimann, Maximilian"]
[Black "Helbig, Mark"]
[Result "1/2-1/2"]
[WhiteElo "2153"]
[BlackElo "2264"]
[PlyCount "197"]
[EventDate "2014.??.??"]
[WhiteTeam "SV Würselen 1"]
[BlackTeam "Klub Kölner SF 1"]

1. e4 c6 2. d4 d5 3. Nc3 dxe4 4. Nxe4 Bf5 5. Ng3 Bg6 6. Nh3 e6 7. Nf4 Qh4 8. c3
Bd6 9. Qf3 Nf6 10. Be2 Nbd7 11. Nd3 Nd5 12. Nh5 Be4 13. Nxg7+ Ke7 14. Qh5 Qxh5
15. Nxh5 Bxg2 16. Rg1 Rhg8 17. Nhf4 Be4 18. Rg3 Bxd3 19. Nxd5+ cxd5 20. Rxd3
Rg2 21. h4 Rag8 22. Bg5+ f6 23. Be3 Rh2 24. O-O-O Rxh4 25. Bf3 Bf4 26. Re1 Kd6
27. Bxf4+ Rxf4 28. Rh1 Rg7 29. Rh5 Nf8 30. Kd2 Ng6 31. Ke3 Rh4 32. Rd1 Rxh5 33.
Bxh5 Ne7 34. Bf3 e5 35. dxe5+ fxe5 36. Ke2 Ke6 37. c4 e4 38. cxd5+ Ke5 39. Bh1
Nf5 40. d6 Rd7 41. Rc1 Rxd6 42. Rc4 Rd4 43. Rc5+ Kf4 44. Rc7 Rb4 45. b3 h5 46.
Rh7 h4 47. Bg2 a5 48. Kd2 Rd4+ 49. Ke2 Rd3 50. Rxb7 h3 51. Bh1 Nd4+ 52. Ke1
Nf3+ 53. Bxf3 Kxf3 54. Rf7+ Kg2 55. Rg7+ Kh1 56. Ke2 a4 57. bxa4 Ra3 58. Kf1
Rxa2 59. Rg1+ Kh2 60. Rg3 Rxa4 61. Ke2 Ra2+ 62. Kf1 Ra1+ 63. Ke2 Rg1 64. Re3
Rg4 65. Kf1 Rf4 66. Ke2 Rh4 67. Rg3 Kh1 68. Kf1 h2 69. Ke2 Rh7 70. Kf1 Ra7 71.
Ke2 Ra1 72. Re3 Rg1 73. Rh3 Rg4 74. Kf1 Rg1+ 75. Ke2 Rb1 76. Rg3 Rb4 77. Re3
Rd4 78. Kf1 Rd1+ 79. Ke2 Rd3 80. Kf1 Rd2 81. Rg3 Rd5 82. Ke2 Rf5 83. Re3 Rf4
84. Ke1 Rg4 85. Kf1 Rg6 86. Rh3 Rg2 87. Re3 Rg5 88. Rh3 Rd5 89. Re3 Rd3 90. Re1
Rd2 91. Re3 Rd1+ 92. Ke2 Rd3 93. Kf1 Rd1+ 94. Ke2 Ra1 95. Rg3 Ra8 96. Kf1 Rf8
97. Ke2 Rf4 98. Re3 Rxf2+ 99. Kxf2 1/2-1/2

[Event "Klub Kölner SF 1 - SV Würselen 1"]
[Site "Oberliga NRW 2014/2015"]
[Date "2014.11.16"]
[Round "3.4"]
[White "Wacker, Peter"]
[Black "Ljuboschiz, Alexander"]
[Result "1-0"]
[WhiteElo "2281"]
[BlackElo "2031"]
[PlyCount "111"]
[EventDate "2014.??.??"]
[WhiteTeam "Klub Kölner SF 1"]
[BlackTeam "SV Würselen 1"]

1. e4 e5 2. Nf3 Nc6 3. d4 exd4 4. Nxd4 Bb4+ 5. c3 Bc5 6. Be3 Bb6 7. Nf5 Bxe3 8.
Nxe3 Nf6 9. f3 O-O 10. Qd2 Re8 11. c4 d6 12. Nc3 a6 13. Be2 Bd7 14. O-O Ne5 15.
Kh1 Ng6 16. Rfe1 b6 17. Bf1 Qb8 18. a4 a5 19. b3 Ne7 20. Bd3 Bc6 21. Bc2 Nd7
22. Qf2 f6 23. Rad1 Ng6 24. Qg3 Nc5 25. h4 Re5 26. Nf5 Qf8 27. Kg1 Bd7 28. f4
Ree8 29. Nd5 Na6 30. Nd4 Ne7 31. Nc3 Nb4 32. Bb1 Nec6 33. Ndb5 Na6 34. Nd5 Rac8
35. Nbc3 Nc5 36. Bc2 Ne7 37. e5 Nxd5 38. Nxd5 dxe5 39. fxe5 Kh8 40. exf6 Rxe1+
41. Rxe1 Ne6 42. Bf5 Re8 43. Bxe6 Rxe6 44. Rxe6 Bxe6 45. Qxc7 gxf6 46. Qxb6
Bxd5 47. cxd5 Kg7 48. Qc7+ Kg6 49. d6 Qe8 50. Qc2+ Kh6 51. Qd2+ Kh5 52. d7 Qd8
53. Qd4 h6 54. Kh2 f5 55. g3 f4 56. Qe5+ 1-0

[Event "Klub Kölner SF 1 - SV Würselen 1"]
[Site "Oberliga NRW 2014/2015"]
[Date "2014.11.16"]
[Round "3.5"]
[White "Andok, Claus Michael"]
[Black "Ludwig, Peter"]
[Result "1-0"]
[WhiteElo "2100"]
[BlackElo "2162"]
[Annotator "Hausrath,Daniel"]
[PlyCount "73"]
[EventDate "2014.??.??"]
[WhiteTeam "SV Würselen 1"]
[BlackTeam "Klub Kölner SF 1"]

1. c4 Nf6 2. g3 c5 3. Bg2 g6 4. Nc3 Bg7 5. Nf3 Nc6 6. O-O O-O 7. d3 a6 8. Bf4
d6 9. Qc1 Re8 10. Bh6 Bh8 11. h3 Rb8 12. a4 Bd7 13. Kh2 Na5 14. Qg5 b5 15. axb5
axb5 16. cxb5 Nb3 17. Ra3 Nd4 18. e4 Nxb5 19. Nxb5 Rxb5 20. e5 dxe5 21. Nxe5
Rxb2 22. Nc4 Rb8 23. Qxc5 Qc8 24. Qxc8 Rexc8 25. Bf4 Rb5 26. Ra7 Rb3 27. Rd1
Be6 28. Rxe7 Nd5 29. Bxd5 Bxd5 30. Nd6 $11 Ra8 31. Rde1 Bf6 32. Re8+ Rxe8 33.
Nxe8 Bc3 34. Rc1 h5 35. Rxc3 Rxc3 36. Nf6+ Kf8 37. Bh6+ 1-0